000 00699nam a2200229Ii 4500
003 JO-AjNU
008 230605s9999||||xx |||||||||||||| ||und||
017 _a2000/17114
020 _a977-09-0669-7
040 _aJO-AjNU
_bara
_erda
_cJO-AjNU
041 _aara
050 1 4 _aBP161.3.Q886 2000
100 3 _aقطب،محمد,
_eauthor
_915090
245 0 0 _aالمسلمون والعولمة
250 _aط1
264 3 1 _aالقاهرة: دار الشروق، 2000
300 _a63ص
336 _atext
_btxt
_2rdacontent
337 _aunmediated
_bn
_2rdamedia
338 _avolume
_bnc
_2rdacarrier
650 4 _aالاسلام والنظام السياسي العالمي الجديد
_915091
999 _aA4180
_c7748
_d7748